The Keyboard Challenge Quiz Stats

 Plays Quiz Updated Sep 20, 2013

Also try: Typing Challenge
Challenge
Share
Tweet
Embed
Score 0/62 Timer 01:00
0 Plays Today
Key % Correct
MM
61.1%
AA
61%
NN
61%
DD
61%
CC
61%
UU
61%
FF
60.9%
YY
60.9%
GG
60.9%
BB
60.9%
QQ
60.9%
SS
60.9%
88
60.9%
44
60.9%
XX
60.8%
77
60.8%
EE
60.8%
LL
60.8%
WW
60.8%
HH
60.8%
ZZ
60.8%
22
60.7%
KK
60.7%
TT
60.7%
VV
60.7%
66
60.7%
RR
60.7%
PP
60.7%
99
60.6%
JJ
60.6%
33
60.6%
Key % Correct
11
60.5%
,,
60.5%
II
60.5%
55
60.5%
OO
60.5%
@@
60.5%
..
60.4%
::
60.4%
;;
60.3%
--
60.2%
??
60.2%
/|
60.2%
!!
60.1%
))
60.1%
''
60%
==
59.9%
$$
59.9%
((
59.9%
%%
59.8%
++
59.8%
&&
59.6%
**
59.6%
##
59%
00
58.8%
]]
58.7%
[[
58.5%
}}
58.3%
{{
58.2%
``
58.2%
^^
56.4%
~~
54.6%

You're not logged in!

Compare scores with friends on all Sporcle quizzes.
Join for Free
OR
Log In

You Might Also Like...

Show Comments

Extras

Top Quizzes Today


Score Distribution

Your Account Isn't Verified!

In order to create a playlist on Sporcle, you need to verify the email address you used during registration. Go to your Sporcle Settings to finish the process.

Report this User

Report this user for behavior that violates our Community Guidelines.

Details: